00496nam a2200157Ia 450000500170000000800410001704100080005808200150006610000250008124500310010626000370013730000090017465000220018399900190020595201140022420250729165749.0250729s2013 xx 000 0 und d aeng a900.7 CART aCaroline Ash9232427 aTop 10 of Everythingb 2013 aChinaboctopus bPublishingc2013 a256p aGeography9232428 c239777d239777 00104070aALbALd2025-07-29eManagement Bookl0o900.7 CARTpBED05096r2025-07-29 16:57:49w2025-07-29yBK